000 00622nam a2200229Ia 4500
003 OSt
005 20220925215309.0
006 a|||||r|||| 00| 0
007 ta
008 220923b |||||||| |||| 00| 0 eng d
037 _cGeneral Book
040 _aRTL
_cRTL
_beng
041 _2eng
_aeng
082 _aU43, M1
100 _aMcConnell Shean
_9282511
245 0 _aTheories for planning
_b An introduction
260 _aLondon
_bHeinemann U. K.
_c1981
300 _axvi, 208p
_ccm.
650 _aGeography-Urban
942 _hU43, M1
_cGB
_2CC
999 _c568398
_d568398